Atlas geográfico ibero-americano (Record no. 60427)

MARC details
000 -LEADER
campo de control de longitud fija 00558nam a2200145 i 4500
001 - NÚMERO DE CONTROL
campo de control 60427
003 - IDENTIFICADOR DE NÚMERO DE CONTROL
campo de control ES-MaACL
007 - CAMPO FIJO DE DESCRIPCIÓN FÍSICA--INFORMACIÓN GENERAL
campo de control de longitud fija t|
008 - DATOS DE LONGITUD FIJA--INFORMACIÓN GENERAL
campo de control de longitud fija 031104q1904 sp ||||1| spa d
100 1# - ENTRADA PRINCIPAL--NOMBRE DE PERSONA
Nombre de persona Escudé Bartoli, Manuel.
9 (RLIN) 47671
245 10 - MENCIÓN DEL TÍTULO
Título Atlas geográfico ibero-americano
Resto del título : España : descripción geográfica y estadística de las provincias españolas : índice de los Ayuntamientos con la población de 1901 /
Mención de responsabilidad, etc. por Manuel Escudé Bartoli.
260 ## - PUBLICACIÓN, DISTRIBUCIÓN, ETC.
Lugar de publicación, distribución, etc. Barcelona :
Nombre del editor, distribuidor, etc. [s.n.,
Fecha de publicación, distribución, etc. 1904?] (
Fabricante F. Vives)
300 ## - DESCRIPCIÓN FÍSICA
Extensión 535 p. ;
Dimensiones 38 cm.
852 ## - LOCALIZACIÓN
Ubicación ES-MaACL
Número de control de estantería B-2076
Holdings
Estatus retirado Estado de pérdida Estado de daño No para préstamo Biblioteca de origen Biblioteca actual Ubicación en estantería Fecha de adquisición Fuente de adquisición Total de préstamos Signatura topográfica completa Código de barras Visto por última vez Precio de reemplazo Tipo de ítem Koha
        Biblioteca del Ateneo de Madrid Biblioteca del Ateneo de Madrid Sala Pardo Bazán 17/01/2008     B-2076 1063377 23/02/2023 23/02/2023 Libro impreso